| 000 | 00955nam a22002297a 4500 | ||
|---|---|---|---|
| 999 |
_c7952 _d7952 |
||
| 003 | AR-CdUCM | ||
| 008 | 190321b ||||| |||| 00| 0 spa d | ||
| 040 |
_aMUNICIPALIDAD PROVINCIAL DEL CUSCO _cBIBLIOTECA MUNICIPAL DEL CUSCO |
||
| 082 |
_a658.57 / _bB39 |
||
| 100 |
_aBeckhard, Richard _922467 |
||
| 245 | _aTransiciones organizacionales / | ||
| 260 |
_aBogota : _bFondo educativo interamericano, _c1980. |
||
| 300 |
_a112 paginas ; _c21 cm. |
||
| 505 | _aContenido : La practica cambiante del desarrollo organizacional -- El exigente mundo del gerente -- Definición del presente y del futuro -- El estado de transición -- Estructuras y procesos gerenciales en el estado de transición... | ||
| 650 |
_aGerencia _922468 |
||
| 650 |
_aMecanismos gerenciales _922469 |
||
| 650 |
_aDesarrollo organizacional _922470 |
||
| 700 |
_aLopera Gutierres, Jaime (Traductor) _922471 |
||
| 710 |
_aDando S. A. _922472 |
||
| 942 |
_2ddc _cLIBROS |
||
| 945 | _awnts | ||